• 首页
  • 本馆介绍
  • 公告通知
  • 最新文献
  • 馆藏检索
  • 电子资源
  • 读者导购
  • 参考咨询
  • 我的图书馆
  • 登录
  • 详细信息显示
  • 放入我的书架
  • 预约/预借图书
  • 作者相关作品
  • 分类相关作品
  • 丛书相关作品
  • 出版社相关作品

书目信息

  • 表格格式
  • 工作单格式
  • 卡片格式
题名:
风险管理
    
 
作者: ;中国银行业从业人员资格认证办公室 编
分册:  
出版信息: 北京   中国金融出版社  2007
页数: 377页
开本: 24cm
丛书名:
单 册:
中图分类: F830.33
科图分类:
主题词: 商业银行--风险管理--考核--自学参考资料 , 商业银行 , 风险管理
电子资源:
ISBN: 978-7-5049-4458-0
000 01127nam0 2200265 45
005 20100303111152.71
010    @a978-7-5049-4458-0@dCNY42.00
100    @a20100121e20082007em y0chiy50 ea
101 0  @achi
102    @aCN@b110000
105    @ay z 000yy
106    @ar
200 1  @a风险管理@AFeng Xian Guan Li@dRisk management@f中国银行业从业人员资格认证办公室编@FZhong Guo Yin Xing Ye Cong Ye Ren Yuan Zi Ge Ren Zheng Ban Gong Shi Bian@zeng
210    @a北京@c中国金融出版社@d2007@h2008
215    @a377页@d24cm
300    @a中国银行业从业人员资格认证 银行业从业人员资格认证考试辅导教材
330    @a本书介绍了风险管理基础、商业银行风险管理基本架构、信用风险管理、市场风险管理、操作风险管理、流动性风险管理、声誉风险和战略风险管理、银行监管与市场约束等内容。
510 1  @aRisk management@zeng
606 0  @a商业银行@x风险管理@x考核@j自学参考资料
606 0  @a商业银行
606 0  @a风险管理
690    @aF830.33@v4
711 02 @a中国银行业从业人员资格认证办公室@AZhong Guo Yin Xing Ye Cong Ye Ren Yuan Zi Ge Ren Zheng Ban Gong Shi@4编
801  0 @aCN@bTANGWEI@c20100303
905    @b0585282-86@dF830.33@e142@f5
    
    风险管理=Risk management/中国银行业从业人员资格认证办公室编.-北京:中国金融出版社,2007(2008)
    377页;24cm
    中国银行业从业人员资格认证 银行业从业人员资格认证考试辅导教材
    
    ISBN 978-7-5049-4458-0:CNY42.00
    本书介绍了风险管理基础、商业银行风险管理基本架构、信用风险管理、市场风险管理、操作风险管理、流动性风险管理、声誉风险和战略风险管理、银行监管与市场约束等内容。
●
相关链接 在E读中查询图书 在五车中查询图书 在当当中查询图书 在豆瓣中查询图书


正题名:风险管理     索取号:F830.33/142         预约/预借

序号 登录号 条形码 馆藏地/架位号 状态 备注
1 0585282   205852825   第一样本阅览室/ [索取号:F830.33/142] 在馆    
2 0585283   205852834   第一借阅区/ [索取号:F830.33/142] 在馆    
3 0585284   205852843   第一借阅区/ [索取号:F830.33/142] 在馆    
4 0585285   205852852   第一借阅区/ [索取号:F830.33/142] 在馆    
5 0585286   205852861   密集书库-海洋学院/ [索取号:F830.33/142] 在馆    
唐山师范学院图书馆 欢迎您!
大连网信软件有限公司© 版权所有